[Event "14. Lichtenberger Sommer"]
[Site "14. Lichtenberger Sommer"]
[Date "2015.08.21"]
[Round "7.70"]
[White "Mayer, Herbert"]
[Black "Woinowski, Michael"]
[Result "1-0"]
[WhiteElo "1949"]
[BlackElo "1748"]
[PlyCount "94"]
[EventDate "2015.??.??"]
[WhiteTeam "SC Rochade (Berlin)"]
[BlackTeam "SC Kreuzberg"]

1. c4 e6 2. Nc3 d5 3. cxd5 exd5 4. Nf3 Nf6 5. g3 c5 6. d4 Nc6 7. Bg2 Be7 8. O-O
O-O 9. Bg5 c4 10. Ne5 Be6 11. Nxc6 bxc6 12. Qa4 h6 13. Be3 Qd7 14. b3 Rac8 15.
bxc4 dxc4 16. Rfd1 Rfd8 17. Rac1 Nd5 18. Bd2 c5 19. Qxd7 Rxd7 20. Nxd5 Bxd5 21.
e4 Bb7 22. Bh3 Rxd4 23. Bxc8 Bxc8 24. Bc3 Rxe4 25. Re1 Re6 26. Rb1 Rxe1+ 27.
Rxe1 Be6 28. f4 g6 29. Kf2 Kf8 30. Rb1 Bd6 31. Rb7 a6 32. Ra7 Ke8 33. Rxa6 Kd7
34. Rb6 Kc7 35. Rb2 Kc6 36. Ke3 g5 37. a4 f5 38. a5 Bc8 39. Rb6+ Kc7 40. Be5
gxf4+ 41. gxf4 Bxe5 42. fxe5 f4+ 43. Kd2 f3 44. Rf6 Bb7 45. Rxh6 Be4 46. Rf6
Kd7 47. Kc3 Bd5 1-0

[Event "14. Lichtenberger Sommer"]
[Site "14. Lichtenberger Sommer"]
[Date "2015.08.21"]
[Round "7.71"]
[White "Große-Honebrink, Brigitte"]
[Black "Kostanyan, Hakob"]
[Result "1-0"]
[WhiteElo "1887"]
[BlackElo "1583"]
[PlyCount "83"]
[EventDate "2015.??.??"]
[WhiteTeam "SC Kreuzberg"]
[BlackTeam "SC Weisse Dame (Berlin)"]

1. d4 Nf6 2. Nf3 d6 3. c4 g6 4. Nc3 Bg7 5. h3 c5 6. dxc5 dxc5 7. Qxd8+ Kxd8 8.
Bf4 Nc6 9. O-O-O+ Ke8 10. Nb5 Ne4 11. Nc7+ Kf8 12. Rg1 Rb8 13. Nb5 e5 14. Be3
b6 15. Nd6 Nxd6 16. Rxd6 Bb7 17. Bd2 Ke7 18. Rd3 f6 19. Ra3 a6 20. Ne1 b5 21.
cxb5 axb5 22. g4 Ra8 23. Nc2 Rxa3 24. Nxa3 b4 25. Nc2 Na5 26. Nxb4 Nb3+ 27.
axb3 cxb4 28. Bxb4+ Ke6 29. e3 Bd5 30. Bc4 Rc8 31. Rd1 Bxc4 32. Rd6+ Kf7 33.
bxc4 Rxc4+ 34. Bc3 Bf8 35. Rd7+ Kg8 36. Kd2 h5 37. f3 hxg4 38. hxg4 g5 39. Kd3
Ra4 40. Rb7 Ra8 41. b3 Ra2 42. Ke4 1-0

[Event "14. Lichtenberger Sommer"]
[Site "14. Lichtenberger Sommer"]
[Date "2015.08.21"]
[Round "7.72"]
[White "Gunkel, Wolfgang"]
[Black "Bezy, Cedric"]
[Result "0-1"]
[WhiteElo "1647"]
[BlackElo "1780"]
[PlyCount "48"]
[EventDate "2015.??.??"]
[WhiteTeam "SK International Berlin"]
[BlackTeam "La Diagonale - Eybens"]

1. e4 Nf6 2. Nc3 d5 3. exd5 Nxd5 4. Nxd5 Qxd5 5. Qf3 c6 6. Qxd5 cxd5 7. Nf3 Nc6
8. Bb5 a6 9. Ba4 b5 10. Bb3 e6 11. c3 Bd6 12. O-O O-O 13. d4 a5 14. a4 b4 15.
Bd2 Ba6 16. Rfe1 Rab8 17. Bc2 bxc3 18. Bxc3 Rfc8 19. Rab1 Nb4 20. Bxb4 Rxb4 21.
Rec1 Bf4 22. Bxh7+ Kxh7 23. Rxc8 Bxc8 24. b3 Ba6 0-1

[Event "14. Lichtenberger Sommer"]
[Site "14. Lichtenberger Sommer"]
[Date "2015.08.21"]
[Round "7.73"]
[White "Matitschka, Heinz"]
[Black "Nam, Seung-Zin"]
[Result "0-1"]
[WhiteElo "1910"]
[BlackElo "1608"]
[PlyCount "77"]
[EventDate "2015.??.??"]
[WhiteTeam "TSG Oberschöneweide"]
[BlackTeam "SK Bebenhausen"]

1. d4 Nf6 2. c4 e6 3. Nc3 c5 4. d5 exd5 5. cxd5 Bd6 6. e4 Be5 7. Bd3 d6 8. Nge2
a6 9. a4 Bg4 10. f3 Bh5 11. Be3 O-O 12. Qd2 Nbd7 13. Ng3 Re8 14. Nf5 Bg6 15. g4
Bxf5 16. gxf5 Nh5 17. O-O-O Bf6 18. Rdg1 Ne5 19. Be2 c4 20. f4 Nd3+ 21. Bxd3
cxd3 22. Qxd3 Bxc3 23. bxc3 Qa5 24. Qd4 Rac8 25. Bd2 Rc5 26. Kb1 Kf8 27. Rc1
Nf6 28. Rhe1 Rec8 29. Qb4 Qc7 30. Kb2 Rc4 31. Qa3 Nxe4 32. Re2 Nc5 33. Kc2 Nxa4
34. Kd1 Nc5 35. Re3 Qd7 36. Qa2 Ne4 37. Rxe4 Rxe4 38. c4 Qxf5 39. Qa3 0-1

[Event "14. Lichtenberger Sommer"]
[Site "14. Lichtenberger Sommer"]
[Date "2015.08.21"]
[Round "7.74"]
[White "Farnault, Eric"]
[Black "Olaizola, Miguel"]
[Result "0-1"]
[WhiteElo "2032"]
[BlackElo "1804"]
[PlyCount "82"]
[EventDate "2015.??.??"]
[WhiteTeam "La Diagonale - Eybens"]
[BlackTeam "SK Zehlendorf"]

1. e4 g6 2. d4 Bg7 3. c3 d6 4. f4 Nc6 5. Nf3 Nf6 6. Bd3 O-O 7. O-O Bg4 8. h3
Bxf3 9. Qxf3 e6 10. f5 exf5 11. exf5 Qe8 12. Bg5 Nd7 13. f6 Nxf6 14. Bxf6 Bxf6
15. Bb5 Bg7 16. Nd2 Nxd4 17. Bxe8 Nxf3+ 18. Nxf3 Rfxe8 19. a4 Re2 20. Rf2 Rae8
21. Kf1 Rxf2+ 22. Kxf2 a5 23. Nd2 f5 24. Nc4 b6 25. Na3 c6 26. Nc4 d5 27. Ne3
f4 28. Nc2 Kf7 29. Rd1 Re4 30. Nd4 Bxd4+ 31. cxd4 Ke6 32. h4 h5 33. Rd3 c5 34.
dxc5 bxc5 35. b3 d4 36. Rf3 Ke5 37. g3 fxg3+ 38. Rxg3 Rg4 39. Rf3 Rf4 40. Kg3
Rxf3+ 41. Kxf3 Kf5 0-1

[Event "14. Lichtenberger Sommer"]
[Site "14. Lichtenberger Sommer"]
[Date "2015.08.21"]
[Round "7.75"]
[White "Schmidt, Rico"]
[Black "Hörmann, David"]
[Result "0-1"]
[WhiteElo "1828"]
[BlackElo "2055"]
[PlyCount "92"]
[EventDate "2015.??.??"]
[WhiteTeam "SG Weißensee 49"]
[BlackTeam "SC Weisse Dame (Berlin)"]

1. Nf3 d5 2. g3 Nf6 3. Bg2 Bf5 4. d3 e6 5. Nbd2 Be7 6. O-O O-O 7. Qe1 Bg6 8.
Ne5 Nbd7 9. Nxg6 hxg6 10. e4 dxe4 11. dxe4 e5 12. b3 Bb4 13. Qe2 Bc3 14. Rb1 c6
15. Bb2 Bxb2 16. Rxb2 Qe7 17. b4 Rfd8 18. c4 b6 19. a3 Nf8 20. Nb3 Ne6 21. Rd1
c5 22. bxc5 Rxd1+ 23. Qxd1 Rd8 24. Rd2 Rxd2 25. Qxd2 Nxc5 26. Nxc5 Qxc5 27. Qb4
Qxb4 28. axb4 a5 29. c5 axb4 30. cxb6 Nd7 31. b7 Kf8 32. Bf1 Ke7 33. Bc4 f6 34.
Kf1 Kd6 35. Ke2 Kc7 36. Bd5 Nc5 37. Kd2 g5 38. g4 Nxb7 39. Bxb7 Kxb7 40. Kd3
Kb6 41. Kc4 Ka5 42. Kb3 Kb5 43. Kb2 Kc4 44. Kc2 Kd4 45. Kb3 Kxe4 46. Kxb4 Kf3
0-1

[Event "14. Lichtenberger Sommer"]
[Site "14. Lichtenberger Sommer"]
[Date "2015.08.21"]
[Round "7.76"]
[White "Zesewitz, Maik"]
[Black "Thesing, Ansgar"]
[Result "1/2-1/2"]
[WhiteElo "1652"]
[BlackElo "1933"]
[PlyCount "65"]
[EventDate "2015.??.??"]
[WhiteTeam "SF Friedrichshagen"]
[BlackTeam "SC Kreuzberg"]

1. f4 d5 2. Nf3 Nf6 3. e3 Bg4 4. b3 Nbd7 5. Bb2 c6 6. Be2 Bxf3 7. Bxf3 Qc7 8.
O-O e5 9. Bg4 Bd6 10. Bxd7+ Nxd7 11. Qg4 exf4 12. Qxg7 O-O-O 13. Qh6 Rhg8 14.
exf4 Rg6 15. Qh4 Rdg8 16. Rf2 Rg4 17. Qxh7 Bxf4 18. h3 R4g6 19. Qxf7 Bh2+ 20.
Kh1 Bd6 21. Re2 Qd8 22. Na3 Nf6 23. d3 Kb8 24. Rae1 Nh5 25. Re8 Ng3+ 26. Kg1
Ne2+ 27. R1xe2 Rxg2+ 28. Rxg2 Rxe8 29. Qf2 Qa5 30. c3 Bxa3 31. Bxa3 Qxa3 32.
Qf4+ Ka8 33. h4 1/2-1/2

[Event "14. Lichtenberger Sommer"]
[Site "14. Lichtenberger Sommer"]
[Date "2015.08.21"]
[Round "7.77"]
[White "Jacob, Karl"]
[Black "Wolff, Marie Antoinette"]
[Result "0-1"]
[WhiteElo "1784"]
[BlackElo "1643"]
[PlyCount "44"]
[EventDate "2015.??.??"]
[WhiteTeam "SF Hettstedt"]
[BlackTeam "Leegebrucher SF"]

1. d4 Nf6 2. f4 d6 3. Nf3 g6 4. Nbd2 Bg7 5. c3 b6 6. e4 O-O 7. Bd3 Bb7 8. O-O
c5 9. d5 Qc8 10. Qe1 Na6 11. h3 Re8 12. Nc4 b5 13. Na5 c4 14. Bc2 e6 15. Nxb7
Qxb7 16. dxe6 Rxe6 17. Qh4 Re7 18. e5 dxe5 19. fxe5 Nd5 20. Ng5 h6 21. Ne4 Rxe5
22. Rxf7 Qxf7 0-1

[Event "14. Lichtenberger Sommer"]
[Site "14. Lichtenberger Sommer"]
[Date "2015.08.21"]
[Round "7.78"]
[White "Weiß, Daniel"]
[Black "Zenkner, Christian"]
[Result "0-1"]
[WhiteElo "1741"]
[BlackElo "1919"]
[PlyCount "90"]
[EventDate "2015.??.??"]
[WhiteTeam "SF Nordost Berlin"]
[BlackTeam "SC Zugzwang 95 (Berlin)"]

1. d4 d5 2. Nf3 e6 3. Bf4 Bd6 4. Bg3 Nf6 5. Nbd2 O-O 6. e3 Ne4 7. Nxe4 dxe4 8.
Bxd6 cxd6 9. Nd2 d5 10. Be2 Nd7 11. O-O f5 12. f4 g5 13. Qe1 Kh8 14. Kh1 g4 15.
g3 Kg7 16. Kg2 h5 17. Rh1 h4 18. h3 Nf6 19. hxg4 fxg4 20. Rxh4 Rh8 21. Qh1 Bd7
22. Qh2 Qc7 23. c3 Rxh4 24. Qxh4 Rh8 25. Qg5+ Kf7 26. Bxg4 Rg8 27. Bh5+ Ke7 28.
Qh6 Qd8 29. Rh1 Be8 30. Bxe8 Qxe8 31. f5 Rg4 32. fxe6 Rxg3+ 33. Kxg3 Qg8+ 34.
Kf4 Qg4+ 35. Ke5 Qxe6+ 36. Kf4 Qd6+ 37. Kg5 Qg3+ 38. Kf5 Qg4+ 39. Ke5 Qe6+ 40.
Kf4 Qd6+ 41. Kf5 Qe6+ 42. Kg6 Ng8+ 43. Kh7 Nxh6 44. Rxh6 Qf7+ 45. Kh8 Kf8 0-1

[Event "14. Lichtenberger Sommer"]
[Site "14. Lichtenberger Sommer"]
[Date "2015.08.21"]
[Round "7.79"]
[White "Rudolph, Stephanie"]
[Black "Wallmann, Bodo"]
[Result "1-0"]
[WhiteElo "1910"]
[BlackElo "1834"]
[PlyCount "49"]
[EventDate "2015.??.??"]
[WhiteTeam "SF Friedrichshagen"]
[BlackTeam "SC Kreuzberg"]

1. d4 d5 2. Nf3 Nf6 3. c4 c6 4. cxd5 cxd5 5. Nc3 Nc6 6. Bg5 e6 7. e3 Bd6 8. Bd3
O-O 9. a3 Be7 10. Qc2 h6 11. Bh4 Bd7 12. O-O a6 13. Rac1 b5 14. b4 Rc8 15. Nd2
e5 16. Nb3 exd4 17. exd4 Be6 18. f3 Nd7 19. Bxe7 Qxe7 20. Qf2 f5 21. Ne2 f4 22.
Nc5 Nxc5 23. bxc5 Na5 24. Rb1 Nc4 25. a4 1-0

[Event "14. Lichtenberger Sommer"]
[Site "14. Lichtenberger Sommer"]
[Date "2015.08.21"]
[Round "7.80"]
[White "Seefeld, Marc"]
[Black "Radjenovic, Branko"]
[Result "1-0"]
[WhiteElo "1894"]
[BlackElo "1813"]
[PlyCount "99"]
[EventDate "2015.??.??"]
[WhiteTeam "Läufer Reinickendorf"]
[BlackTeam "SK Dragojle Babic (Berlin)"]

1. d4 Nf6 2. c4 g6 3. Nc3 d5 4. e3 Bg7 5. b3 c6 6. Bd3 Nbd7 7. f4 Qc7 8. Bb2 e6
9. Nf3 O-O 10. O-O a6 11. Rc1 Qd8 12. Qe2 Re8 13. Ne5 Qe7 14. c5 Kh8 15. b4 Ng8
16. Rf3 Nf8 17. Rh3 Nh6 18. Na4 f6 19. Nb6 Rb8 20. Nf3 Kg8 21. e4 Nd7 22. Nxd7
Bxd7 23. e5 f5 24. Ng5 Bf8 25. Bc3 Qd8 26. a4 Kg7 27. Rxh6 Kxh6 28. Nf7+ Kg7
29. Nxd8 Rexd8 30. b5 axb5 31. axb5 Be7 32. Ra1 h6 33. b6 Ra8 34. Ra7 Rxa7 35.
bxa7 Ra8 36. Qa2 Bd8 37. Kf2 Bc7 38. Ke3 g5 39. fxg5 hxg5 40. g4 Kg6 41. Kf3
Bc8 42. Qa4 Bd7 43. Kg3 Bd8 44. Qa2 Kh6 45. gxf5 exf5 46. e6 Bxe6 47. Qe2 Bc7+
48. Kg2 Bc8 49. Qe7 Bf4 50. Qf8+ 1-0

[Event "14. Lichtenberger Sommer"]
[Site "14. Lichtenberger Sommer"]
[Date "2015.08.21"]
[Round "7.81"]
[White "Silies, Martin"]
[Black "Bollenbach, Horst"]
[Result "1-0"]
[WhiteElo "1880"]
[BlackElo "1736"]
[PlyCount "51"]
[EventDate "2015.??.??"]
[WhiteTeam "SF St.Johannes Spelle"]
[BlackTeam "SC Friesen Lichtenberg"]

1. e4 c5 2. c3 Nc6 3. Nf3 e6 4. d4 cxd4 5. cxd4 Bb4+ 6. Bd2 Bxd2+ 7. Qxd2 d5 8.
e5 Nge7 9. Bd3 h6 10. Nc3 a6 11. Rc1 Nf5 12. Bxf5 exf5 13. O-O O-O 14. Ne2 g5
15. Ng3 f6 16. Nh5 fxe5 17. dxe5 Be6 18. h4 gxh4 19. Qxh6 Qe7 20. Ng5 Nxe5 21.
Qxe6+ Qxe6 22. Nxe6 Rf7 23. Rfd1 Re7 24. Nc7 Rf8 25. Nxd5 Rh7 26. Ndf6+ 1-0

[Event "14. Lichtenberger Sommer"]
[Site "14. Lichtenberger Sommer"]
[Date "2015.08.21"]
[Round "7.82"]
[White "Boeck, Rüdiger"]
[Black "Prix, Siegfried"]
[Result "1-0"]
[WhiteElo "1815"]
[BlackElo "1715"]
[PlyCount "77"]
[EventDate "2015.??.??"]
[WhiteTeam "SC Weiße Dame Ulm"]
[BlackTeam "SF 1903 Berlin"]

1. e4 e5 2. Nf3 Nc6 3. Bc4 Nf6 4. d3 Be7 5. O-O d6 6. h3 O-O 7. c3 d5 8. exd5
Nxd5 9. Nbd2 Be6 10. Ne4 Nf4 11. Bb5 Ng6 12. Re1 f6 13. Bxc6 bxc6 14. d4 Qd5
15. Ng3 Rad8 16. Qa4 Qb5 17. Qxb5 cxb5 18. dxe5 fxe5 19. Nxe5 Rd6 20. Nxg6 hxg6
21. Ne4 Rd7 22. Be3 c6 23. Bc5 Bd5 24. Bxe7 Rxe7 25. Nf6+ gxf6 26. Rxe7 Rf7 27.
Rxf7 Kxf7 28. b3 c5 29. Rd1 Ke6 30. g3 a5 31. Kf1 c4 32. Rb1 cxb3 33. axb3 a4
34. bxa4 bxa4 35. Ke2 a3 36. Ra1 a2 37. Kd3 Bb3 38. c4 Ke5 39. Kc3 1-0

[Event "14. Lichtenberger Sommer"]
[Site "14. Lichtenberger Sommer"]
[Date "2015.08.21"]
[Round "7.83"]
[White "Bullig, Reinhard"]
[Black "Bandsom, Olaf"]
[Result "0-1"]
[WhiteElo "1772"]
[BlackElo "1802"]
[PlyCount "48"]
[EventDate "2015.??.??"]
[WhiteTeam "SF 1903 Berlin"]
[BlackTeam "SC Friesen Lichtenberg"]

1. c4 Nf6 2. Nc3 g6 3. g3 Bg7 4. Bg2 c6 5. Nf3 O-O 6. O-O d5 7. cxd5 Nxd5 8.
Nxd5 cxd5 9. d4 Nc6 10. Bf4 Bf5 11. Qa4 Qb6 12. Ne5 Nxd4 13. Bxd5 Nxe2+ 14. Kh1
Nxf4 15. Qxf4 Be6 16. Bg2 Qxb2 17. Nd3 Qb5 18. Rad1 Rad8 19. a4 Qb3 20. Nc5
Qxd1 21. Nxe6 fxe6 22. Qc4 Rxf2 23. Qxe6+ Kh8 24. Rg1 Qe2 0-1

[Event "14. Lichtenberger Sommer"]
[Site "14. Lichtenberger Sommer"]
[Date "2015.08.21"]
[Round "7.84"]
[White "Pöltelt, Helmut"]
[Black "Grassi, Fabrizio"]
[Result "0-1"]
[WhiteElo "1752"]
[BlackElo "1870"]
[PlyCount "84"]
[EventDate "2015.??.??"]
[WhiteTeam "SC Eintracht Berlin"]
[BlackTeam "SV Berlin-Friedrichstadt"]

1. e4 d5 2. exd5 Nf6 3. Bb5+ Bd7 4. Bc4 b5 5. Bb3 a5 6. c3 Bg4 7. f3 Bf5 8. Ne2
Nxd5 9. d4 e6 10. Ng3 Bg6 11. a4 b4 12. c4 Nf6 13. Be3 Nc6 14. O-O Bd6 15. Ne2
Ne7 16. Kh1 Nf5 17. Bg1 h5 18. c5 Be7 19. Nf4 Bh7 20. Re1 g5 21. Nxe6 fxe6 22.
Bxe6 Ng7 23. Bc4 c6 24. Qe2 Qc7 25. Bf2 h4 26. Qe3 Bg8 27. Bxg8 Nxg8 28. Qxg5
Kf8 29. Qe5 Qxe5 30. Rxe5 Rd8 31. Nd2 Bf6 32. Re4 Nf5 33. Nf1 Nxd4 34. Rd1 Ne6
35. Rxd8+ Nxd8 36. b3 Ne7 37. Nd2 Rh5 38. Rf4 Nd5 39. Rg4 Ne6 40. Nc4 Nc3 41.
Nxa5 Rd5 42. Re4 Nxe4 0-1

[Event "14. Lichtenberger Sommer"]
[Site "14. Lichtenberger Sommer"]
[Date "2015.08.21"]
[Round "7.85"]
[White "Kohlmeyer, Dagobert"]
[Black "Mueller, Jörg René"]
[Result "0-1"]
[WhiteElo "1867"]
[BlackElo "1489"]
[PlyCount "102"]
[EventDate "2015.??.??"]
[WhiteTeam "SC Rochade (Berlin)"]
[BlackTeam "SC Zugzwang 95 (Berlin)"]

1. e4 d6 2. d4 c5 3. Nf3 Nf6 4. Bb5+ Nbd7 5. Nc3 a6 6. Bxd7+ Nxd7 7. O-O e6 8.
dxc5 Nxc5 9. e5 d5 10. Be3 b6 11. a4 Be7 12. b4 Nb7 13. b5 O-O 14. Nd4 Bd7 15.
bxa6 Rxa6 16. Ncb5 f6 17. f4 Bc5 18. c3 Qc8 19. Qd3 fxe5 20. fxe5 Rxf1+ 21.
Qxf1 Bxb5 22. Qxb5 Ra5 23. Qb3 Qe8 24. c4 Bxd4 25. Bxd4 Qc6 26. cxd5 Rxd5 27.
Qe3 Na5 28. Rc1 Qd7 29. Bxb6 Rd1+ 30. Rxd1 Qxd1+ 31. Kf2 Nc4 32. Qd4 Qc2+ 33.
Ke1 Qb1+ 34. Ke2 Nxb6 35. Qd8+ Kf7 36. Qc7+ Kg6 37. Qd6 Qc2+ 38. Ke1 Qe4+ 39.
Kf2 Nxa4 40. Qxe6+ Kg5 41. Qe7+ Kh6 42. g3 Qf5+ 43. Kg2 Nc3 44. Qd6+ Kh5 45. e6
Ne4 46. Qd1+ Kg6 47. Qd7 Qf2+ 48. Kh3 Ng5+ 49. Kh4 Qxh2+ 50. Kg4 Qh3+ 51. Kf4
Nxe6+ 0-1

[Event "14. Lichtenberger Sommer"]
[Site "14. Lichtenberger Sommer"]
[Date "2015.08.21"]
[Round "7.86"]
[White "Schröder, Wolfgang"]
[Black "Stiemerling, Andreas"]
[Result "1/2-1/2"]
[WhiteElo "1722"]
[BlackElo "1761"]
[PlyCount "26"]
[EventDate "2015.??.??"]
[WhiteTeam "SSV Rotation Berlin"]
[BlackTeam "SSV Rotation Berlin"]

1. d4 e6 2. c4 d5 3. Nf3 f5 4. Nc3 Nf6 5. Bg5 Be7 6. e3 O-O 7. cxd5 exd5 8. Bd3
c6 9. Qc2 Ne4 10. Bxe7 Qxe7 11. O-O Nd7 12. Rac1 Rf6 13. Ne2 Rf8 1/2-1/2

[Event "14. Lichtenberger Sommer"]
[Site "14. Lichtenberger Sommer"]
[Date "2015.08.21"]
[Round "7.87"]
[White "Allaart, Jesse"]
[Black "Krüger, Ekkehard"]
[Result "1/2-1/2"]
[WhiteElo "1546"]
[BlackElo "1813"]
[PlyCount "67"]
[EventDate "2015.??.??"]
[WhiteTeam "HMC Den Bosch"]
[BlackTeam "Narva Berlin"]

1. e4 c5 2. Nc3 Nc6 3. f4 g6 4. Nf3 Bg7 5. h3 h5 6. Bc4 Na5 7. Bb3 Nxb3 8. axb3
a6 9. O-O b6 10. d3 Bb7 11. Be3 Nf6 12. Qe1 d5 13. e5 d4 14. exf6 Bxf6 15. Ne4
Bxe4 16. dxe4 dxe3 17. e5 Bg7 18. Qxe3 O-O 19. Rad1 Qc7 20. g4 Rfd8 21. gxh5
gxh5 22. Ng5 Rxd1 23. Rxd1 Rd8 24. Qe2 Qc8 25. Qxh5 Rxd1+ 26. Qxd1 f6 27. Qd5+
Kh8 28. Qe6 Qc7 29. Nf7+ Kh7 30. Qf5+ Kg8 31. Qg6 Qd7 32. Nh6+ Kh8 33. Nf7+ Kg8
34. Nh6+ 1/2-1/2

[Event "14. Lichtenberger Sommer"]
[Site "14. Lichtenberger Sommer"]
[Date "2015.08.21"]
[Round "7.88"]
[White "Schneider, Eckehard"]
[Black "Wölfert, Jürgen"]
[Result "0-1"]
[WhiteElo "1780"]
[BlackElo "1776"]
[PlyCount "98"]
[EventDate "2015.??.??"]
[WhiteTeam "SF 1903 Berlin"]
[BlackTeam "BSC Rehberge 1945 e.V."]

1. e4 e6 2. d4 d5 3. e5 c5 4. c3 Nc6 5. Nf3 Qb6 6. a3 Bd7 7. Nbd2 cxd4 8. cxd4
Nxd4 9. Bd3 Nh6 10. O-O g6 11. Nxd4 Qxd4 12. Nf3 Qb6 13. Qe2 Nf5 14. b4 Rc8 15.
Bb2 Bh6 16. g4 Ne7 17. Bd4 Qd8 18. g5 Bg7 19. Bxa7 Nc6 20. Bc5 h6 21. h4 hxg5
22. hxg5 Nxe5 23. Nxe5 Qxg5+ 24. Qg4 Qxe5 25. f4 Qb2 26. Qe2 Bd4+ 27. Kg2 Qxe2+
28. Bxe2 Bxc5 29. bxc5 Rxc5 30. Rh1 Rxh1 31. Rxh1 Rc2 32. Kf3 Ke7 33. Rb1 Bc6
34. Kf2 Ra2 35. Rb3 Kd6 36. Ke3 e5 37. fxe5+ Kxe5 38. Kf2 d4 39. Ke1 Bd5 40.
Rb5 Kd6 41. Ra5 f5 42. Bd1 g5 43. Rxd5+ Kxd5 44. Bb3+ Ke4 45. Bxa2 g4 46. Be6
g3 47. Bc8 b6 48. Kd2 Kf3 49. Ke1 f4 0-1

[Event "14. Lichtenberger Sommer"]
[Site "14. Lichtenberger Sommer"]
[Date "2015.08.21"]
[Round "7.89"]
[White "Oginski, Ulrich"]
[Black "Bauer, Stefan"]
[Result "1-0"]
[WhiteElo "1885"]
[BlackElo "1633"]
[PlyCount "57"]
[EventDate "2015.??.??"]
[WhiteTeam "SC Weisse Dame (Berlin)"]
[BlackTeam "SC Kreuzberg"]

1. c4 Nf6 2. g3 c6 3. Nf3 d6 4. d4 g6 5. Bg2 Bg7 6. O-O O-O 7. Nc3 Nbd7 8. h3
Nb6 9. b3 h6 10. Qc2 d5 11. cxd5 cxd5 12. Bb2 Bf5 13. Qd2 g5 14. Ne5 Rc8 15.
Rac1 Ne4 16. Nxe4 Rxc1 17. Rxc1 dxe4 18. Qc2 f6 19. Ng4 Bxg4 20. hxg4 f5 21.
gxf5 Bxd4 22. Rd1 e5 23. e3 Qc8 24. Qxc8 Rxc8 25. exd4 Rc2 26. Ba1 e3 27. fxe3
Re2 28. dxe5 Rxe3 29. Kf2 1-0

[Event "14. Lichtenberger Sommer"]
[Site "14. Lichtenberger Sommer"]
[Date "2015.08.21"]
[Round "7.90"]
[White "Ouadi, Wahbi"]
[Black "Fiedler, Ronald"]
[Result "1-0"]
[WhiteElo "1962"]
[BlackElo "1692"]
[PlyCount "102"]
[EventDate "2015.??.??"]
[WhiteTeam "La Diagonale - Eybens"]
[BlackTeam "Läufer Reinickendorf"]

1. e4 c5 2. Nf3 d6 3. Nc3 Nf6 4. Bb5+ Bd7 5. Bxd7+ Nbxd7 6. d4 cxd4 7. Nxd4 a6
8. O-O e6 9. Be3 Be7 10. f4 O-O 11. Qf3 Qc8 12. Rae1 Nb6 13. Kh1 Nc4 14. Bc1
Qc5 15. Qd3 Rac8 16. Rf3 Ng4 17. h3 Qh5 18. Kg1 Nh6 19. g4 Qc5 20. Kh1 Kh8 21.
g5 Ng8 22. f5 Ne5 23. Qd2 Nxf3 24. Nxf3 exf5 25. Nd5 Qxc2 26. Qxc2 Rxc2 27. Nd4
Rc5 28. Nxf5 Bd8 29. Bf4 Re8 30. Nxd6 Rf8 31. Nxb7 Rb5 32. Nxd8 Rxd8 33. Be5 f6
34. gxf6 gxf6 35. Bc3 Rdxd5 36. exd5 Rxd5 37. Re8 Kg7 38. Re6 a5 39. Ra6 Ne7
40. Bxf6+ Kf7 41. Bc3 Nf5 42. Rxa5 Rd1+ 43. Kh2 Ne3 44. Ra7+ Kg6 45. a4 Nc4 46.
b4 Rc1 47. Bd4 Rd1 48. Bc5 h5 49. a5 h4 50. a6 Ne5 51. Re7 Rd2+ 1-0

[Event "14. Lichtenberger Sommer"]
[Site "14. Lichtenberger Sommer"]
[Date "2015.08.21"]
[Round "7.91"]
[White "Kievelitz, Bernd"]
[Black "Schreiber, Wilfried"]
[Result "1-0"]
[WhiteElo "1922"]
[BlackElo "1481"]
[PlyCount "53"]
[EventDate "2015.??.??"]
[WhiteTeam "SC Zitadelle Spandau"]
[BlackTeam "SC Rochade (Berlin)"]

1. Nf3 d5 2. d4 Bf5 3. c4 c6 4. Qb3 Qb6 5. c5 Qxb3 6. axb3 Nd7 7. Nc3 Ngf6 8.
b4 e6 9. Bf4 Be7 10. e3 a6 11. b5 cxb5 12. Bxb5 O-O 13. Bxd7 Nxd7 14. O-O Bf6
15. b4 Bd3 16. Rfc1 Rfc8 17. Ra3 Bg6 18. Rca1 Bd8 19. b5 Bd3 20. b6 Bg6 21. Nb5
Bxb6 22. cxb6 Nxb6 23. Nd6 Rc2 24. Nxb7 Nd7 25. Ne5 Nf6 26. Nc5 a5 27. h3 1-0

[Event "14. Lichtenberger Sommer"]
[Site "14. Lichtenberger Sommer"]
[Date "2015.08.21"]
[Round "7.93"]
[White "Tschirschwitz, Stephan"]
[Black "Strowig, Justin"]
[Result "0-1"]
[WhiteElo "1551"]
[BlackElo "1835"]
[PlyCount "36"]
[EventDate "2015.??.??"]
[WhiteTeam "Lasker Steglitz-Wilmersdorf"]
[BlackTeam "SV Mattnetz Berlin"]

1. d4 Nf6 2. c4 c5 3. d5 b5 4. e3 e6 5. dxe6 fxe6 6. Qf3 Nc6 7. cxb5 Nb4 8.
Qxa8 Nc2+ 9. Kd1 Nxa1 10. b3 Be7 11. Bb2 O-O 12. h3 Qb6 13. Qf3 Bb7 14. Qe2 Ne4
15. Qg4 Nxf2+ 16. Ke2 Nxg4 17. hxg4 Qxb5+ 18. Ke1 Rxf1+ 0-1

[Event "14. Lichtenberger Sommer"]
[Site "14. Lichtenberger Sommer"]
[Date "2015.08.21"]
[Round "7.94"]
[White "Steiner, Dominik"]
[Black "Paris, Gerhard"]
[Result "1-0"]
[WhiteElo "1622"]
[BlackElo "1530"]
[PlyCount "95"]
[EventDate "2015.??.??"]
[WhiteTeam "SR Heuberg-Gosheim"]
[BlackTeam "TSG Oberschöneweide"]

1. e4 e5 2. Nf3 d6 3. Nc3 c5 4. Bc4 Be7 5. d3 Nf6 6. O-O Nc6 7. h3 O-O 8. Be3
Bd7 9. a3 a6 10. Nd2 b5 11. Bb3 Nd4 12. f4 Nxb3 13. cxb3 b4 14. Ne2 exf4 15.
Nxf4 Bc6 16. Rc1 Bb5 17. Nc4 Bc6 18. Bf2 Qb8 19. Bh4 Ra7 20. Bxf6 Bxf6 21. Nh5
Bd4+ 22. Kh1 Qd8 23. Qg4 Bd7 24. Qg3 Qe7 25. Rce1 Be5 26. Nxe5 Qxe5 27. Nf6+
Kh8 28. Qxe5 dxe5 29. Nd5 Be6 30. axb4 Bxd5 31. exd5 f6 32. bxc5 Rb7 33. Re2
Rxb3 34. Rd1 Rd8 35. d6 Kg8 36. Rc2 Rbb8 37. Ra1 Ra8 38. Ra3 Kf7 39. Rb3 Ke6
40. Rb7 Rd7 41. Rb3 Rad8 42. Rb6 Kd5 43. Kg1 Kd4 44. c6 Rxd6 45. Rb4+ Ke3 46.
c7 Rc8 47. Rb8 Kxd3 48. Rc3+ 1-0

[Event "14. Lichtenberger Sommer"]
[Site "14. Lichtenberger Sommer"]
[Date "2015.08.21"]
[Round "7.95"]
[White "Möller, Dirk"]
[Black "Mildenberger, Hans"]
[Result "0-1"]
[WhiteElo "1571"]
[BlackElo "1631"]
[PlyCount "92"]
[EventDate "2015.??.??"]
[WhiteTeam "SC Kreuzberg"]
[BlackTeam "SG BVG Helmholz 55 (FV Schach)"]

1. e4 e6 2. d4 d5 3. e5 c5 4. c3 Qb6 5. Nf3 Nc6 6. a3 Bd7 7. b4 cxd4 8. cxd4 a6
9. Bb2 Nh6 10. Bd3 Nf5 11. Bxf5 exf5 12. Nc3 Be6 13. Na4 Qb5 14. Ng5 Be7 15.
Nc3 Qc4 16. Nxe6 fxe6 17. Ne2 O-O 18. Rc1 Qb5 19. O-O a5 20. Nf4 Bg5 21. g3
Bxf4 22. gxf4 axb4 23. Rb1 Rfc8 24. Bc3 Rxa3 25. Rb3 Qa4 26. Rxa3 Qxa3 27. Ba1
Na5 28. Qe2 Nc4 29. Rb1 Rc6 30. Qd1 Rb6 31. Qc2 b3 32. Qc3 Qb4 33. Bb2 Qxc3 34.
Bxc3 Kf7 35. Kf1 Ke7 36. Ke1 Kd7 37. Ke2 Kc6 38. Kd3 Rb5 39. Bb2 Nxb2+ 40. Rxb2
Kb6 41. Kc3 Ka5 42. Rb1 b2 43. Kc2 Ka4 44. h4 Ka3 45. f3 Rb4 46. Kc3 Rc4+ 0-1

[Event "14. Lichtenberger Sommer"]
[Site "14. Lichtenberger Sommer"]
[Date "2015.08.21"]
[Round "7.96"]
[White "Bernstein, Jeremy"]
[Black "Völler, Lothar"]
[Result "1-0"]
[WhiteElo "1552"]
[BlackElo "1789"]
[PlyCount "120"]
[EventDate "2015.??.??"]
[WhiteTeam "SC Kreuzberg"]
[BlackTeam "FS Dortmund"]

1. d4 f5 2. g3 Nf6 3. Bg2 e6 4. Bf4 Be7 5. Nf3 O-O 6. Nbd2 d5 7. O-O c5 8. c4
Nc6 9. e3 Qb6 10. cxd5 Nxd5 11. Nc4 Qd8 12. Nce5 g5 13. Nxc6 bxc6 14. Be5 g4
15. Nd2 cxd4 16. Bxd4 c5 17. Be5 Bb7 18. Nc4 Bf6 19. Qc1 Ba6 20. Rd1 Bxc4 21.
Bxf6 Qxf6 22. Qxc4 Nb6 23. Qxc5 Rac8 24. Qa3 Rc7 25. Rac1 Rfc8 26. b3 h5 27.
Rxc7 Rxc7 28. Rc1 Re7 29. Rd1 Kg7 30. Qc1 h4 31. Qa1 e5 32. Rc1 hxg3 33. hxg3
e4 34. Qxf6+ Kxf6 35. Rc6+ Re6 36. Rxe6+ Kxe6 37. Kf1 Nd5 38. Ke1 Kd6 39. Kd2
Nb4 40. a3 Nd3 41. f3 gxf3 42. Bxf3 Nc5 43. Bd1 Nd3 44. Bh5 Ke5 45. Kc3 Ne1 46.
Be2 Kf6 47. Kd2 Nf3+ 48. Bxf3 exf3 49. Ke1 Ke5 50. Kf2 Ke4 51. b4 a6 52. a4 Kd5
53. Kxf3 Kc4 54. b5 a5 55. b6 Kb4 56. b7 Kxa4 57. b8=Q Ka3 58. Kf4 a4 59. Kxf5
Ka2 60. Qb4 a3 1-0